[Event "GER-ch U25-C"]
[Site "Willingen"]
[Date "2018.05.22"]
[Round "4"]
[White "Richter, Gerrit"]
[Black "Butenandt, Albrecht"]
[Result "1-0"]
[WhiteElo "1289"]
[BlackElo "1144"]
[PlyCount "57"]
[EventDate "2018.05.19"]
[EventType "swiss"]
[EventRounds "9"]
[EventCountry "GER"]
[SourceTitle "CBM 184 Extra"]
[Source "ChessBase"]
[SourceDate "2018.06.28"]
[SourceVersion "1"]
[SourceVersionDate "2018.06.28"]
[SourceQuality "1"]

1. e4 c5 2. Nf3 d6 3. d4 cxd4 4. Nxd4 Nf6 5. Nc3 e6 6. Bg5 Be7 7. Qd2 a6 8. 0-0-0 b5 9. a3 Bb7 10. f3 Nbd7 11. Bxb5 axb5 12. Ndxb5 d5 13. Bxf6 Nxf6 14. exd5 Nxd5 15. Nxd5 Bxd5 16. c4 Bxc4 17. Nd6+ Bxd6 18. Qxd6 Qc8 19. Kb1 Bb3 20. Rc1 Qb7 21. Rc7 Ba2+ 22. Ka1 Qxc7 23. Qxc7 Bd5 24. Rc1 Rd8 25. Qa7 Rd7 26. Rc8+ Ke7 27. Qxd7+ Kxd7 28. Rxh8 h6 29. Rh7 1-0

[Event "GER-ch U25-C"]
[Site "Willingen"]
[Date "2018.05.20"]
[Round "2"]
[White "Richter, Gerrit"]
[Black "Yang, Marco"]
[Result "1-0"]
[WhiteElo "1289"]
[BlackElo "1026"]
[PlyCount "45"]
[EventDate "2018.05.19"]
[EventType "swiss"]
[EventRounds "9"]
[EventCountry "GER"]
[SourceTitle "CBM 184 Extra"]
[Source "ChessBase"]
[SourceDate "2018.06.28"]
[SourceVersion "1"]
[SourceVersionDate "2018.06.28"]
[SourceQuality "1"]

1. e4 c5 2. Nf3 d6 3. d4 cxd4 4. Nxd4 Nf6 5. Nc3 g6 6. f3 Bg7 7. Be3 0-0 8. Qd2 Nc6 9. 0-0-0 d5 10. Nxc6 bxc6 11. exd5 cxd5 12. Nxd5 Nxd5 13. Qxd5 Be6 14. Qxd8 Rfxd8 15. Rxd8+ Rxd8 16. Bxa7 Ra8 17. Bc5 Kf8 18. a3 Rb8 19. Bb4 Ke8 20. Be2 Kd7 21. Rd1+ Kc6 22. f4 Bd5 23. g3 1-0

[Event "GER-ch U10"]
[Site "Willingen"]
[Date "2016.05.21"]
[Round "11.24"]
[White "Langer, Paul Georg"]
[Black "Richter, Gerrit"]
[Result "0-1"]
[WhiteElo "1170"]
[BlackElo "1244"]
[PlyCount "46"]
[EventDate "2016.05.15"]
[EventType "swiss"]
[EventRounds "11"]
[EventCountry "GER"]
[SourceTitle "CBM 172 Extra"]
[Source "ChessBase"]
[SourceDate "2016.06.21"]
[SourceVersion "1"]
[SourceVersionDate "2016.06.21"]
[SourceQuality "1"]

1. e4 e6 2. d4 d5 3. exd5 exd5 4. Bd3 Nf6 5. Ne2 Bd6 6. c3 0-0 7. Qc2 c6 8. Bf4 Re8 9. Bxd6 Qxd6 10. Nd2 c5 11. 0-0-0 c4 12. Bf5 Bxf5 13. Qxf5 Rxe2 14. Qf3 Re7 15. h4 Nbd7 16. Rh3 Rae8 17. Rg3 Ne4 18. Nxe4 Rxe4 19. h5 Re2 20. Qg4 Qh6+ 21. Kb1 Re1 22. Rxe1 Rxe1+ 23. Kc2 Qc1# 0-1

[Event "GER-ch U10"]
[Site "Willingen"]
[Date "2016.05.17"]
[Round "5.27"]
[White "Boehm, Karl"]
[Black "Richter, Gerrit"]
[Result "1/2-1/2"]
[WhiteElo "1341"]
[BlackElo "1244"]
[PlyCount "92"]
[EventDate "2016.05.15"]
[EventType "swiss"]
[EventRounds "11"]
[EventCountry "GER"]
[SourceTitle "CBM 172 Extra"]
[Source "ChessBase"]
[SourceDate "2016.06.21"]
[SourceVersion "1"]
[SourceVersionDate "2016.06.21"]
[SourceQuality "1"]

1. e4 e6 2. d4 d5 3. exd5 exd5 4. Nf3 Nf6 5. Nc3 Bd6 6. Bd3 0-0 7. Bg5 Re8+ 8. Be2 c6 9. 0-0 Bf5 10. Re1 Nbd7 11. Nh4 Bg6 12. Nxg6 hxg6 13. g3 Qc7 14. Bd3 c5 15. dxc5 Bxc5 16. Bb5 Qb6 17. Qd2 a6 18. Rxe8+ Rxe8 19. Bxf6 axb5 20. Bh4 g5 21. Bxg5 f6 22. Be3 Bxe3 23. fxe3 Rxe3 24. Qf2 Rf3 25. Qxb6 Nxb6 26. Nxb5 Nc4 27. b3 Ne3 28. Nd4 Nxc2 29. Nxc2 Kf7 30. Nd4 Rd3 31. Nb5 Ke6 32. Kf1 Rd2 33. h4 Ke5 34. Re1+ Kf5 35. Re7 g6 36. Nd6+ Kg4 37. Re6 Kxg3 38. Rxf6 Rxa2 39. Rxg6+ Kf3 40. Rf6+ Kg4 41. Nxb7 Kxh4 42. Rg6 Rb2 43. Nc5 d4 44. Rb6 Kg3 45. b4 Kf3 46. Rf6+ Ke3 1/2-1/2

[Event "Stuttgart-chB int"]
[Site "Ditzingen"]
[Date "2016.05.07"]
[Round "6"]
[White "Klueppel, Werner"]
[Black "Richter, Gerrit"]
[Result "1/2-1/2"]
[WhiteElo "1392"]
[BlackElo "1561"]
[PlyCount "28"]
[EventDate "2016.05.05"]
[EventType "swiss"]
[EventRounds "7"]
[EventCountry "GER"]
[SourceTitle "EXT 2018"]
[Source "ChessBase"]
[SourceDate "2017.10.13"]
[SourceVersion "1"]
[SourceVersionDate "2017.10.13"]
[SourceQuality "1"]

1. e4 e6 2. Nf3 d5 3. exd5 exd5 4. d4 Nf6 5. Be2 Bd6 6. Bg5 0-0 7. 0-0 c6 8. c3 Bf5 9. Re1 Nbd7 10. Bd3 Bg4 11. Be2 Bf5 12. Bd3 Bg4 13. Be2 Bf5 14. Bd3 Bg4 1/2-1/2